000 00526nam a2200181Ia 4500
005 20250508151131.0
008 008 250505s9999 xx 000 0 eng d
037 _aTextual
040 _aFEDL
_beng
_cFEDL
041 _aeng
_2eng
084 _aJF, MON
_qFEDL
100 _aMonypenny Kathleen
_9758485
245 0 _aKites that flew into the moon and other chinese stories
260 _aLondon, UK
_bSir Isaac Pitman and Sons, Limited
300 _a84p.
942 _cTEXL
_hJF, MON
999 _c1327788
_d1327788